| Tag |
First Indicator |
Second Indicator |
Subfields |
| LEADER |
00000cam a2200000 a 4500 |
| 001 |
in00000099612 |
| 005 |
20150924160236.0 |
| 008 |
780404s1975 ksu b 00010 engm |
| 010 |
|
|
|a 78302881
|
| 035 |
|
|
|a (OCoLC)03841865
|
| 035 |
|
|
|9 AAL0229AM
|
| 040 |
|
|
|a DLC
|c DLC
|d m.c.
|d TXA
|d UtOrBLW
|
| 043 |
|
|
|a n-us---
|
| 049 |
|
|
|a TXAM
|c [1441663]
|
| 050 |
0 |
0 |
|a KF4159
|b P48
|
| 082 |
0 |
|
|a 344/.73/0793
|
| 100 |
1 |
|
|a Phay, Robert E.
|
| 245 |
1 |
4 |
|a The law of suspension and expulsion :
|b an examination of the substantive issues in controlling student conduct /
|c Robert E. Phay.
|
| 264 |
|
1 |
|a Topeka, Kan. :
|b National Organization on Legal Problems of Education,
|c 1975.
|
| 300 |
|
|
|a 66 pages ;
|c 23 cm.
|
| 336 |
|
|
|a text
|b txt
|2 rdacontent
|
| 337 |
|
|
|a unmediated
|b n
|2 rdamedia
|
| 338 |
|
|
|a volume
|b nc
|2 rdacarrier
|
| 490 |
1 |
|
|a NOLPE monograph series
|
| 490 |
1 |
|
|a ERIC/CEM state-of-the-knowledge series ;
|v no. 32
|
| 504 |
|
|
|a Bibliography: pages 63-66.
|
| 650 |
|
0 |
|a Student suspension
|x Law and legislation
|z United States.
|
| 650 |
|
0 |
|a Student expulsion
|x Law and legislation
|z United States.
|
| 830 |
|
0 |
|a ERIC/CEM state-of-the-knowledge series ;
|v no. 32.
|
| 830 |
|
0 |
|a NOLPE monograph series.
|
| 999 |
|
|
|a MARS
|
| 999 |
f |
f |
|s 5003b147-51da-3830-b78e-f816c42045ff
|i 6d167f86-d55a-3382-8716-b571e5ac7930
|t 0
|
| 952 |
f |
f |
|p ric
|a Texas A&M University
|b Rellis Campus
|c Joint Library Facility
|d Remote Storage
|t 0
|e KF4159 .P48
|h Library of Congress classification
|i unmediated -- volume
|m A14806047879
|
| 998 |
f |
f |
|a KF4159 .P48
|t 0
|l Remote Storage
|